[Event "Frauenbundesliga 2015/2016"]
[Site "Mattersburg/ St. Veit/ Graz"]
[Date "2016.02.26"]
[Round "4"]
[Board "1"]
[White "Anker, Christin"]
[Black "Richterova, Natasa"]
[Result "0-1"]
[WhiteElo "1822"]
[BlackElo "2187"]
[PlyCount "172"]
[EventDate "2015.11.06"]
[EventType "team"]
[EventRounds "7"]
[EventCountry "AUT"]
[WhiteTeam "Schach ohne Grenzen"]
[BlackTeam "Spg Steyr"]

1. e4 Nf6 2. e5 Nd5 3. d4 d6 4. c4 Nb6 5. exd6 cxd6 6. Nc3 g6 7. Be3 Bg7 8. Rc1
O-O 9. b3 Nc6 10. Nf3 Bg4 11. Be2 d5 12. c5 Nc8 13. O-O Bxf3 14. Bxf3 e6 15.
Ne2 N8e7 16. Ng3 Nf5 17. Nxf5 gxf5 18. Qd2 Qf6 19. Rfd1 f4 20. Bxf4 Nxd4 21.
Qe3 e5 22. Bg3 Bh6 23. Qxe5 Qxe5 24. Bxe5 Nxf3+ 25. gxf3 Bxc1 26. Rxc1 Rfe8 27.
f4 Rac8 28. b4 Re6 29. Rd1 f6 30. Bd6 Re4 31. a3 a5 32. bxa5 Ra4 33. Rxd5 Rxa3
34. Rd4 Rxa5 35. Rb4 Ra7 36. f5 Kf7 37. Kg2 h5 38. h4 Rg8+ 39. Kf3 Ra3+ 40. Ke2
Re8+ 41. Kf1 Ra7 42. Bf4 Re7 43. Bd6 Rd7 44. Ke2 Ra3 45. f3 Rc3 46. Kf2 Rd3 47.
Kg3 Ke8 48. Re4+ Kd8 49. Re6 Rf7 50. Re4 Kd7 51. Ra4 Kc6 52. Ra8 Rd5 53. Kf4
Rd4+ 54. Kg3 Rg7+ 55. Kf2 Rd5 56. Rc8+ Kb5 57. Ke3 Kc4 58. Rf8 b5 59. Rxf6 b4
60. Rf8 b3 61. f6 Ra7 62. Rb8 Rf7 63. Be7 Kc3 64. c6 Re5+ 65. Kf2 Rexe7 66.
fxe7 Rxe7 67. Rb7 Re8 68. c7 Rc8 69. f4 b2 70. f5 Kc2 71. f6 b1=Q 72. Rxb1 Kxb1
73. f7 Kc2 74. Ke3 Kc3 75. Ke4 Kc4 76. Ke5 Kc5 77. Ke6 Kc6 78. Ke7 Rxc7+ 79.
Ke8 Rc8+ 80. Ke7 Kd5 81. f8=Q Rxf8 82. Kxf8 Ke6 83. Kg7 Kf5 84. Kh6 Kg4 85. Kg6
Kxh4 86. Kf5 Kg3 0-1

[Event "Frauenbundesliga 2015/2016"]
[Site "Mattersburg/ St. Veit/ Graz"]
[Date "2016.02.26"]
[Round "4"]
[Board "2"]
[White "Saler-Grafenberger, Elisabeth"]
[Black "Kimpel, Janine"]
[Result "0-1"]
[WhiteElo "1919"]
[BlackElo "1906"]
[PlyCount "56"]
[EventDate "2015.11.06"]
[EventType "team"]
[EventRounds "7"]
[EventCountry "AUT"]
[WhiteTeam "Spg Steyr"]
[BlackTeam "Schach ohne Grenzen"]

1. c4 e5 2. Nc3 Nc6 3. g3 g6 4. Bg2 Bg7 5. Nf3 d6 6. d3 h6 7. O-O f5 8. Bd2 Be6
9. Qb3 Rb8 10. Rad1 Nf6 11. a3 O-O 12. Qc2 g5 13. b4 f4 14. b5 Ne7 15. e4 Ng6
16. h3 g4 17. hxg4 Bxg4 18. Rde1 Qd7 19. Nd5 Nh5 20. d4 fxg3 21. fxg3 Nxg3 22.
Rf2 exd4 23. Qb3 Nh5 24. c5 Kh8 25. cxd6 cxd6 26. Bb4 Nhf4 27. a4 Nxg2 28. Kxg2
Bxf3+ 0-1

[Event "Frauenbundesliga 2015/2016"]
[Site "Mattersburg/ St. Veit/ Graz"]
[Date "2016.02.26"]
[Round "4"]
[Board "3"]
[White "Roos, Karin"]
[Black "Hackbarth, Christa"]
[Result "1-0"]
[WhiteElo "1811"]
[BlackElo "1845"]
[PlyCount "51"]
[EventDate "2015.11.06"]
[EventType "team"]
[EventRounds "7"]
[EventCountry "AUT"]
[WhiteTeam "Schach ohne Grenzen"]
[BlackTeam "Spg Steyr"]

1. e4 c6 2. d4 d5 3. exd5 cxd5 4. Nf3 Nc6 5. Bb5 Bd7 6. O-O Nf6 7. c3 e6 8. Bg5
Qb6 9. Qe2 Be7 10. Ba4 Nb8 11. Bb3 Bb5 12. c4 dxc4 13. Bxc4 Bc6 14. Nc3 Qd8 15.
Rad1 O-O 16. Rfe1 Re8 17. d5 Nxd5 18. Bxd5 Bxd5 19. Bxe7 Qa5 20. Ba3 Bc6 21.
Ne5 Qb6 22. Rd6 Na6 23. Nxc6 bxc6 24. Qf3 Rac8 25. Rd7 Rc7 26. Qxf7+ 1-0

[Event "Frauenbundesliga 2015/2016"]
[Site "Mattersburg/ St. Veit/ Graz"]
[Date "2016.02.26"]
[Round "4"]
[Board "4"]
[White "Molnar, Monika"]
[Black "Moerwald, Magdalena"]
[Result "1-0"]
[WhiteElo "1866"]
[BlackElo "1624"]
[PlyCount "43"]
[EventDate "2015.11.06"]
[EventType "team"]
[EventRounds "7"]
[EventCountry "AUT"]
[WhiteTeam "Spg Steyr"]
[BlackTeam "Schach ohne Grenzen"]

1. e4 c5 2. c3 d5 3. exd5 Qxd5 4. Nf3 Nf6 5. d4 cxd4 6. cxd4 Nc6 7. Nc3 Qd8 8.
Bb5 Bd7 9. O-O g6 10. Bf4 Bg7 11. d5 Na5 12. b4 Bxb5 13. Nxb5 Nc4 14. Nc7+ Kf8
15. Nxa8 Nh5 16. Bc7 Qxa8 17. Rc1 b5 18. d6 exd6 19. Bxd6+ Nxd6 20. Qxd6+ Kg8
21. Qd7 Bf8 22. Ng5 1-0

[Event "Frauenbundesliga 2015/2016"]
[Site "Mattersburg/ St. Veit/ Graz"]
[Date "2016.02.26"]
[Round "4"]
[Board "3"]
[White "Steiner, Magdalena"]
[Black "Breder, Jana"]
[Result "0-1"]
[WhiteElo "1738"]
[BlackElo "1855"]
[PlyCount "44"]
[EventDate "2015.11.06"]
[EventType "team"]
[EventRounds "7"]
[EventCountry "AUT"]
[WhiteTeam "tschaturanga"]
[BlackTeam "SK Dornbirn"]

1. d4 d5 2. Nf3 c6 3. Bg5 Qb6 4. Qc1 Bg4 5. Nbd2 Nf6 6. c3 Nbd7 7. e3 e6 8. Bd3
c5 9. O-O Bd6 10. Re1 Rc8 11. Qb1 h6 12. Bh4 O-O 13. h3 Bxf3 14. Nxf3 g5 15.
Bg3 Bxg3 16. fxg3 g4 17. Nh4 Qd6 18. Kh2 Nh5 19. Bh7+ Kh8 20. Ng6+ fxg6 21.
Qxg6 Qxg3+ 22. Kh1 gxh3 0-1

[Event "Frauenbundesliga 2015/2016"]
[Site "Mattersburg/ St. Veit/ Graz"]
[Date "2016.02.26"]
[Round "4"]
[Board "4"]
[White "Pilsan, Martha"]
[Black "Zakirova, Yana"]
[Result "1-0"]
[WhiteElo "1658"]
[BlackElo "1487"]
[PlyCount "63"]
[EventDate "2015.11.06"]
[EventType "team"]
[EventRounds "7"]
[EventCountry "AUT"]
[WhiteTeam "SK Dornbirn"]
[BlackTeam "tschaturanga"]

1. e4 e6 2. Nf3 d5 3. d3 c5 4. Qe2 Nf6 5. g3 Nc6 6. Bg2 Be7 7. O-O O-O 8. Re1
Re8 9. Nbd2 d4 10. Nc4 b5 11. Nce5 Nxe5 12. Nxe5 Nd7 13. Nc6 Qc7 14. e5 Bb7 15.
Nxe7+ Rxe7 16. Bxb7 Qxb7 17. Bg5 Ree8 18. Qg4 Nf8 19. h4 Kh8 20. h5 h6 21. Bf6
gxf6 22. exf6 Ng6 23. hxg6 fxg6 24. Qxg6 Qh7 25. Qh5 Rad8 26. Re4 c4 27. Rae1
Rg8 28. Rxe6 Rg5 29. Re8+ Rxe8 30. Rxe8+ Rg8 31. Rxg8+ Kxg8 32. Qe8# 1-0

[Event "Frauenbundesliga 2015/2016"]
[Site "Mattersburg/ St. Veit/ Graz"]
[Date "2016.02.26"]
[Round "4"]
[Board "1"]
[White "Derakhshani, Dorsa"]
[Black "Mar, Karmen"]
[Result "1-0"]
[WhiteElo "2386"]
[BlackElo "2074"]
[PlyCount "113"]
[EventDate "2015.11.06"]
[EventType "team"]
[EventRounds "7"]
[EventCountry "AUT"]
[WhiteTeam "Chessgraz"]
[BlackTeam "SC Extraherb WS"]

1. e4 c5 2. Nf3 d6 3. d4 cxd4 4. Nxd4 Nf6 5. Nc3 e6 6. Be2 a6 7. O-O Nbd7 8.
Be3 b5 9. a4 bxa4 10. f3 Bb7 11. Rxa4 Be7 12. Nb3 Qc7 13. Qa1 Nb8 14. Na5 O-O
15. Nxb7 Qxb7 16. f4 e5 17. fxe5 dxe5 18. Nd5 Bd8 19. Rb4 Qc6 20. Rc4 Qe6 21.
Qa4 Qd7 22. Nxf6+ Bxf6 23. Qxd7 Nxd7 24. Ra1 Bd8 25. Rca4 a5 26. b4 Rc8 27. Bg4
Bb6 28. Bxb6 Nxb6 29. Bxc8 Nxa4 30. Bb7 Nc3 31. bxa5 Nb5 32. c4 Na7 33. c5 Rd8
34. a6 g6 35. Bd5 Rc8 36. Ra5 Kf8 37. Ra2 Rxc5 38. Rb2 Rc7 39. Rb8+ Ke7 40. Ra8
Kd7 41. Bxf7 Nc8 42. Rb8 Kd6 43. Bd5 Na7 44. Rb6+ Kd7 45. h4 Kd8 46. Kh2 Nc8
47. Rb7 Na7 48. Kh3 h6 49. Rb8+ Rc8 50. Rb6 Rc3+ 51. g3 g5 52. hxg5 hxg5 53.
Rb8+ Kd7 54. Rb7+ Rc7 55. Kg4 Rxb7 56. axb7 Kc7 57. Kxg5 1-0

[Event "Frauenbundesliga 2015/2016"]
[Site "Mattersburg/ St. Veit/ Graz"]
[Date "2016.02.26"]
[Round "4"]
[Board "2"]
[White "Zechner, Andrea"]
[Black "Truszkiewicz, Eliza"]
[Result "0-1"]
[WhiteElo "1892"]
[BlackElo "1909"]
[PlyCount "78"]
[EventDate "2015.11.06"]
[EventType "team"]
[EventRounds "7"]
[EventCountry "AUT"]
[WhiteTeam "SC Extraherb WS"]
[BlackTeam "Chessgraz"]

1. d4 d5 2. Nf3 Nf6 3. c4 e6 4. e3 c5 5. Nc3 a6 6. cxd5 Nxd5 7. Bd3 Nc6 8. O-O
cxd4 9. exd4 Be7 10. a3 Bf6 11. Bc2 Nde7 12. Ne4 h6 13. Nxf6+ gxf6 14. Re1 b5
15. Be4 Nd5 16. Qb3 Nce7 17. Bd2 f5 18. Bc2 Bb7 19. Ne5 Rg8 20. f3 Nc7 21. Qe3
Rc8 22. Bb3 Rg5 23. Qf2 Rg8 24. Qh4 Ng6 25. Qf2 Nh4 26. g3 f6 27. Kf1 fxe5 28.
gxh4 e4 29. Bxh6 exf3 30. Bxe6 Nxe6 31. Rxe6+ Kf7 32. Qe1 Be4 33. Rxe4 fxe4 34.
Qxe4 Qf6 35. Bg5 Qe6 36. Qb7+ Kg6 37. Re1 Qh3+ 38. Kf2 Rc2+ 39. Ke3 f2+ 0-1

[Event "Frauenbundesliga 2015/2016"]
[Site "Mattersburg/ St. Veit/ Graz"]
[Date "2016.02.26"]
[Round "4"]
[Board "4"]
[White "Mattersberger, Melanie"]
[Black "Kaser, Gabriele"]
[Result "1-0"]
[WhiteElo "1637"]
[BlackElo "1266"]
[PlyCount "35"]
[EventDate "2015.11.06"]
[EventType "team"]
[EventRounds "7"]
[EventCountry "AUT"]
[WhiteTeam "SC Extraherb WS"]
[BlackTeam "Chessgraz"]

1. e4 d5 2. exd5 Qxd5 3. Nc3 Qa5 4. d4 Nf6 5. Nf3 Bf5 6. Bc4 e6 7. Bd2 c6 8. d5
cxd5 9. Nxd5 Qd8 10. Bb5+ Nbd7 11. Nxf6+ Qxf6 12. Bg5 Bb4+ 13. Kf1 Qxb2 14.
Qxd7+ Kf8 15. Rd1 Ba5 16. Qxb7 Re8 17. Qd7 Rb8 18. Qd6+ 1-0

[Event "Frauenbundesliga 2015/2016"]
[Site "Mattersburg/ St. Veit/ Graz"]
[Date "2016.02.26"]
[Round "4"]
[Board "1"]
[White "Trippold, Denise"]
[Black "Horvath, Reka"]
[Result "1-0"]
[WhiteElo "2083"]
[BlackElo "2036"]
[PlyCount "125"]
[EventDate "2015.11.06"]
[EventType "team"]
[EventRounds "7"]
[EventCountry "AUT"]
[WhiteTeam "SK Baden"]
[BlackTeam "Spg. Feldbach-Kirchberg"]

1. d4 f5 2. g3 Nf6 3. Bg2 e6 4. Nf3 d5 5. O-O Bd6 6. c4 c6 7. Nc3 O-O 8. Qc2 b6
9. cxd5 exd5 10. Ne1 f4 11. Bxf4 Bxf4 12. gxf4 Ng4 13. h3 Nh6 14. e3 Nf5 15.
Nf3 Nh4 16. Nxh4 Qxh4 17. Kh2 Bf5 18. Qe2 Nd7 19. Rac1 Rae8 20. Rg1 Nf6 21. Bf1
c5 22. Nb5 Ne4 23. Qf3 Re7 24. dxc5 bxc5 25. Nc3 d4 26. Nxe4 Bxe4 27. Qg3 Qxg3+
28. Kxg3 g5 29. Rxc5 gxf4+ 30. Kh4+ Bg6 31. exd4 Rd8 32. Bc4+ Kh8 33. d5 Re5
34. Rg5 Re1 35. Rc6 Rd1 36. Re5 f3 37. Kg3 Rf8 38. d6 Rg1+ 39. Kh2 Rg2+ 40. Kh1
Rxf2 41. d7 Rd2 42. Rc8 Kg7 43. Re7+ Kf6 44. Ree8 Rxe8 45. dxe8=Q Bxe8 46. Rxe8
Rxb2 47. Rf8+ Kg5 48. Rxf3 Kh4 49. Rf7 Kxh3 50. Rxh7+ Kg3 51. Rg7+ Kf4 52. Rxa7
Ke5 53. Rd7 Rb4 54. Bf7 Rb2 55. a4 Rb4 56. a5 Ra4 57. Rd5+ Kf6 58. Be8 Ra2 59.
Bc6 Ke6 60. Bb7 Ke7 61. a6 Ke6 62. Rd3 Ke7 63. Kg1 1-0

[Event "Frauenbundesliga 2015/2016"]
[Site "Mattersburg/ St. Veit/ Graz"]
[Date "2016.02.26"]
[Round "4"]
[Board "2"]
[White "Schloffer, Jasmin-Denise"]
[Black "Lymysalo, Venla"]
[Result "1-0"]
[WhiteElo "2028"]
[BlackElo "1756"]
[PlyCount "87"]
[EventDate "2015.11.06"]
[EventType "team"]
[EventRounds "7"]
[EventCountry "AUT"]
[WhiteTeam "Spg. Feldbach-Kirchberg"]
[BlackTeam "SK Baden"]

1. d4 d5 2. c4 c6 3. cxd5 cxd5 4. Nc3 Nf6 5. Bf4 Nc6 6. Nf3 e6 7. e3 a6 8. Rc1
Be7 9. h3 Bd7 10. Bd3 Rc8 11. O-O O-O 12. Ne5 Ne8 13. Qe2 Nd6 14. Qh5 f5 15. b3
Be8 16. Qe2 Nxe5 17. Bxe5 Ne4 18. Qb2 Bb4 19. Nxe4 fxe4 20. Be2 Bc6 21. a3 Be7
22. f3 exf3 23. Bxf3 Qa5 24. b4 Qb6 25. Bg4 Rxf1+ 26. Kxf1 Bb5+ 27. Kg1 Rxc1+
28. Qxc1 Bd7 29. Qe1 Qc6 30. Kh2 Qc2 31. Qg3 Qg6 32. Bd6 Bg5 33. Bc5 Bc8 34.
Qc7 Qe8 35. Qe5 Bf6 36. Qg3 h6 37. Qf3 Qc6 38. Qg3 Bg5 39. Bh5 b6 40. Bd6 Qc3
41. h4 Bf6 42. Qg6 Qe1 43. Qf7+ Kh7 44. Bg6+ 1-0

[Event "Frauenbundesliga 2015/2016"]
[Site "Mattersburg/ St. Veit/ Graz"]
[Date "2016.02.26"]
[Round "4"]
[Board "3"]
[White "Stallinger, Vanessa"]
[Black "Wilfling, Sandra"]
[Result "1/2-1/2"]
[WhiteElo "1757"]
[BlackElo "1835"]
[PlyCount "153"]
[EventDate "2015.11.06"]
[EventType "team"]
[EventRounds "7"]
[EventCountry "AUT"]
[WhiteTeam "SK Baden"]
[BlackTeam "Spg. Feldbach-Kirchberg"]

1. e4 d5 2. exd5 Qxd5 3. Nc3 Qa5 4. d4 c6 5. Bd3 Nf6 6. Nge2 Bg4 7. f3 Bf5 8.
O-O e6 9. Bxf5 Qxf5 10. Ng3 Qa5 11. f4 Bb4 12. Nce4 Nxe4 13. Nxe4 O-O 14. Qf3
Qd5 15. Qd3 Nd7 16. c4 Qf5 17. Qf3 Nf6 18. Nxf6+ Qxf6 19. Be3 Qe7 20. a3 Ba5
21. b4 Bd8 22. Rae1 a5 23. d5 axb4 24. axb4 Qxb4 25. dxc6 bxc6 26. Qxc6 Be7 27.
Rc1 Rfc8 28. Qb5 Qa3 29. Bf2 Rab8 30. Qe5 Bd6 31. Qe4 Rb4 32. Rfd1 Rb2 33. Bd4
Rbb8 34. Rc3 Qa4 35. Rdc1 Rb4 36. Be3 h6 37. Qd3 Qc6 38. c5 Bxf4 39. Bxf4 Rxf4
40. Qe3 Rf5 41. h3 Rd5 42. Kh1 Rcd8 43. R3c2 Rd3 44. Qf2 Rxh3+ 45. Kg1 Rh5 46.
Rb2 Rc8 47. Rbc2 Rd5 48. Qe3 Rcd8 49. Qe2 Rb8 50. Qf2 Rh5 51. Rf1 Rf5 52. Qg3
Rxf1+ 53. Kxf1 Rb1+ 54. Kf2 Rb5 55. Qe5 Rb7 56. Qd4 Rb8 57. Ke3 Rc8 58. Qd6 f6
59. Qxc6 Rxc6 60. Kd4 Kf7 61. Kc4 Ke7 62. Rd2 Rc8 63. Kb5 Rd8 64. Ra2 Rd7 65.
Kb6 Rd1 66. Ra7+ Kd8 67. Rxg7 Rb1+ 68. Kc6 e5 69. Rg6 Rf1 70. Rxh6 e4 71. Rh3
f5 72. Kd6 Rd1+ 73. Ke5 Rf1 74. Re3 Kc7 75. Rc3 Kc6 76. Re3 Kxc5 77. Ra3
 1/2-1/2

[Event "Frauenbundesliga 2015/2016"]
[Site "Mattersburg/ St. Veit/ Graz"]
[Date "2016.02.26"]
[Round "4"]
[Board "4"]
[White "Horvath, Orsolya"]
[Black "Berger, Lisa"]
[Result "1-0"]
[WhiteElo "1899"]
[BlackElo "1640"]
[PlyCount "95"]
[EventDate "2015.11.06"]
[EventType "team"]
[EventRounds "7"]
[EventCountry "AUT"]
[WhiteTeam "Spg. Feldbach-Kirchberg"]
[BlackTeam "SK Baden"]

1. e4 c5 2. Nf3 e6 3. d4 cxd4 4. Nxd4 Nc6 5. Be3 a6 6. c4 Qc7 7. Nc3 Nf6 8. a3
Be7 9. Be2 O-O 10. Qc2 Rd8 11. Bf3 Nxd4 12. Bxd4 e5 13. Be3 Qxc4 14. Rc1 Qc6
15. Qd2 Qd6 16. Qe2 b5 17. O-O Bb7 18. Rfd1 Qb8 19. h3 d6 20. Qd3 Rd7 21. Ne2
Rc7 22. Ng3 g6 23. Bg5 Rxc1 24. Rxc1 Qd8 25. Rd1 Ne8 26. Bd2 Rc8 27. Bg4 Rc6
28. Bb4 Qc7 29. Bc3 Rc4 30. Qe3 Nf6 31. Be2 Rc5 32. f4 exf4 33. Qxf4 Ne8 34.
Rf1 Bf8 35. Bg4 Bc8 36. Bxc8 Bg7 37. Bxg7 Kxg7 38. Bxa6 f6 39. Qg4 Qa7 40. Kh2
Qxa6 41. Qd7+ Kf8 42. Qxh7 g5 43. Nf5 Qc8 44. Qe7+ Kg8 45. Nh6+ Kh8 46. Qf7 Nc7
47. Qxf6+ Kh7 48. Qxd6 1-0

[Event "Frauenbundesliga 2015/2016"]
[Site "Mattersburg/ St. Veit/ Graz"]
[Date "2016.02.26"]
[Round "4"]
[Board "1"]
[White "Hiebler, Laura"]
[Black "Schnegg, Anna-Lena"]
[Result "0-1"]
[WhiteElo "2107"]
[BlackElo "2149"]
[PlyCount "64"]
[EventDate "2015.11.06"]
[EventType "team"]
[EventRounds "7"]
[EventCountry "AUT"]
[WhiteTeam "SV Autohof St. Veit/Glan"]
[BlackTeam "Mayrhofen/SK Zell/Zillertal"]

1. c4 c5 2. Nc3 Nf6 3. g3 d5 4. cxd5 Nxd5 5. Bg2 Nc7 6. Nf3 Nc6 7. O-O e5 8. d3
Be7 9. a3 O-O 10. Bd2 Bd7 11. Rc1 Ne6 12. Na4 f6 13. Qb3 b6 14. Bh3 Qc8 15. Nc3
Kh8 16. Qd5 Rd8 17. Qe4 Ned4 18. Bxd7 Qxd7 19. Rfd1 f5 20. Qe3 Bd6 21. Rb1 Rf8
22. Nh4 Rae8 23. Na2 e4 24. dxe4 Rxe4 25. Qd3 Ne5 26. Qa6 Nxe2+ 27. Kh1 Qc6 28.
Ng2 Ng4 29. Be1 Nd4 30. Nc3 Re7 31. Qd3 Rxe1+ 32. Rxe1 Nxf2+ 0-1

[Event "Frauenbundesliga 2015/2016"]
[Site "Mattersburg/ St. Veit/ Graz"]
[Date "2016.02.26"]
[Round "4"]
[Board "2"]
[White "Wu, Min"]
[Black "Tarmastin, Laura"]
[Result "1-0"]
[WhiteElo "1886"]
[BlackElo "1837"]
[PlyCount "61"]
[EventDate "2015.11.06"]
[EventType "team"]
[EventRounds "7"]
[EventCountry "AUT"]
[WhiteTeam "Mayrhofen/SK Zell/Zillertal"]
[BlackTeam "SV Autohof St. Veit/Glan"]

1. e4 g6 2. d4 Bg7 3. Nc3 d6 4. f4 Nd7 5. Nf3 c5 6. Be3 cxd4 7. Bxd4 Ngf6 8.
Bd3 O-O 9. O-O Nc5 10. Qe2 Ne6 11. Be3 Ng4 12. Bc1 Nd4 13. Nxd4 Bxd4+ 14. Kh1
e5 15. g3 Kg7 16. f5 h5 17. f6+ Kh7 18. Nd5 a6 19. c3 Ba7 20. Kg2 Qd7 21. Qd2
Rh8 22. Ne7 Ne3+ 23. Kh1 Qh3 24. Rf3 g5 25. Rxe3 Qg4 26. Be2 Qe6 27. Rf3 Qg4
28. Re3 Qe6 29. Rd3 Qxf6 30. Qxg5 Qxg5 31. Bxg5 1-0

[Event "Frauenbundesliga 2015/2016"]
[Site "Mattersburg/ St. Veit/ Graz"]
[Date "2016.02.26"]
[Round "4"]
[Board "3"]
[White "Sommer, Hannah"]
[Black "Mayrhuber, Nikola"]
[Result "1/2-1/2"]
[WhiteElo "1772"]
[BlackElo "1953"]
[PlyCount "91"]
[EventDate "2015.11.06"]
[EventType "team"]
[EventRounds "7"]
[EventCountry "AUT"]
[WhiteTeam "SV Autohof St. Veit/Glan"]
[BlackTeam "Mayrhofen/SK Zell/Zillertal"]

1. Nf3 d5 2. b3 Nf6 3. Bb2 e6 4. e3 c5 5. Be2 Nc6 6. d4 Bd6 7. O-O O-O 8. c4 b6
9. Nc3 Bb7 10. a3 Rc8 11. Rc1 a6 12. h3 Nb8 13. dxc5 bxc5 14. cxd5 exd5 15. Bd3
Qe7 16. Nb1 Rfd8 17. Nbd2 Nbd7 18. Re1 Ne4 19. Qe2 Rc6 20. Nf1 Rb6 21. Qc2 Rb8
22. N3d2 Qh4 23. Bxe4 dxe4 24. Nc4 Rc6 25. Red1 Qe7 26. Qd2 Ne5 27. Qc3 f6 28.
Nxd6 Rxd6 29. Rxd6 Qxd6 30. Qxc5 Qxc5 31. Rxc5 Nd3 32. Rc2 Bd5 33. b4 a5 34.
Bd4 axb4 35. axb4 Rxb4 36. Rc8+ Kf7 37. Rc7+ Kg6 38. Nd2 Bb7 39. Kf1 Rb5 40.
Ke2 Ba8 41. Re7 Rf5 42. Nxe4 Bxe4 43. Rxe4 Nxf2 44. Rf4 Rxf4 45. exf4 Ne4 46.
Kf3 1/2-1/2

[Event "Frauenbundesliga 2015/2016"]
[Site "Mattersburg/ St. Veit/ Graz"]
[Date "2016.02.26"]
[Round "4"]
[Board "4"]
[White "Roeck, Vanessa"]
[Black "Krassnitzer, Maria"]
[Result "1/2-1/2"]
[WhiteElo "1616"]
[BlackElo "1605"]
[PlyCount "78"]
[EventDate "2015.11.06"]
[EventType "team"]
[EventRounds "7"]
[EventCountry "AUT"]
[WhiteTeam "Mayrhofen/SK Zell/Zillertal"]
[BlackTeam "SV Autohof St. Veit/Glan"]

1. d4 Nf6 2. Nf3 g6 3. Bf4 d6 4. e3 Bg7 5. h3 O-O 6. Be2 Nc6 7. O-O Ne4 8. Nbd2
Nxd2 9. Qxd2 e5 10. Bh2 exd4 11. exd4 Bf5 12. c3 Ne7 13. Bd3 Re8 14. Rfe1 Qd7
15. Bxf5 Nxf5 16. Bf4 Rxe1+ 17. Rxe1 Re8 18. g4 Rxe1+ 19. Qxe1 Ne7 20. Qe2 Nd5
21. Bg3 f5 22. Ng5 fxg4 23. Qxg4 Qxg4 24. hxg4 Bf6 25. Ne4 Kf7 26. Kf1 Ke6 27.
Ke2 Bg7 28. a3 h6 29. Kd3 Nf6 30. Nxf6 Bxf6 31. c4 c6 32. b3 a5 33. f3 h5 34.
Bh2 d5 35. c5 h4 36. b4 Bd8 37. Ke3 g5 38. Kf2 Bf6 39. Ke3 Bd8 1/2-1/2

[Event "Frauenbundesliga 2015/2016"]
[Site "Mattersburg/ St. Veit/ Graz"]
[Date "2016.02.27"]
[Round "5"]
[Board "1"]
[White "Richterova, Natasa"]
[Black "Theissl-Pokorna, Regina"]
[Result "1-0"]
[WhiteElo "2187"]
[BlackElo "2345"]
[PlyCount "99"]
[EventDate "2015.11.06"]
[EventType "team"]
[EventRounds "7"]
[EventCountry "AUT"]
[WhiteTeam "Spg Steyr"]
[BlackTeam "ASVOE Pamhagen"]

1. e4 e5 2. Nf3 Nc6 3. Nc3 Nf6 4. d4 exd4 5. Nxd4 Bc5 6. Be3 Bb6 7. Bc4 O-O 8.
O-O Ne5 9. Bb3 c6 10. Bg5 h6 11. Bh4 d6 12. Re1 Bg4 13. Qd2 Ng6 14. Bg3 Nh5 15.
h3 Bc8 16. Bh2 Qf6 17. Rad1 Nhf4 18. Bg3 Nh5 19. Bh2 Ngf4 20. Nce2 Ne6 21. c3
Ng5 22. Nf4 Nxf4 23. Qxf4 Qg6 24. Kh1 Ne6 25. Qg3 Qxg3 26. Bxg3 Nxd4 27. cxd4
Rd8 28. d5 c5 29. e5 Ba5 30. Re3 dxe5 31. Rxe5 Bd7 32. d6 Rac8 33. Rc1 Re8 34.
Rcxc5 Rxc5 35. Rxc5 Bb6 36. Rc2 Bc6 37. f3 g5 38. Bc4 Kg7 39. b4 a6 40. Rc1 f5
41. Re1 Be3 42. Rd1 f4 43. Be1 h5 44. Bc3+ Kg6 45. d7 Rd8 46. Rd6+ Kh7 47. Be6
Bb6 48. Bf6 Rf8 49. d8=Q Bxd8 50. Bxd8 1-0

[Event "Frauenbundesliga 2015/2016"]
[Site "Mattersburg/ St. Veit/ Graz"]
[Date "2016.02.27"]
[Round "5"]
[Board "2"]
[White "Maslikova, Veronika"]
[Black "Saler-Grafenberger, Elisabeth"]
[Result "1-0"]
[WhiteElo "2246"]
[BlackElo "1919"]
[PlyCount "87"]
[EventDate "2015.11.06"]
[EventType "team"]
[EventRounds "7"]
[EventCountry "AUT"]
[WhiteTeam "ASVOE Pamhagen"]
[BlackTeam "Spg Steyr"]

1. e4 d6 2. d4 Nf6 3. Nc3 g6 4. f3 Bg7 5. Bg5 O-O 6. Qd2 Nc6 7. O-O-O a6 8.
Nge2 b5 9. g4 e5 10. d5 Ne7 11. Ng3 b4 12. Nb1 a5 13. h4 Nd7 14. Be2 f6 15. Be3
Ba6 16. Rdg1 Qb8 17. Bxa6 Rxa6 18. h5 g5 19. h6 Bh8 20. Nf5 Ng6 21. Qe2 Qb7 22.
Rh2 Nc5 23. Bxc5 dxc5 24. Qc4 Rf7 25. Qxc5 a4 26. Rd1 Qb6 27. Qxb6 Rxb6 28. Nd2
Rd7 29. Nc4 Rb5 30. b3 a3 31. c3 bxc3 32. Kc2 Rd8 33. Kxc3 Kf7 34. Rhd2 Nh4 35.
Nxh4 gxh4 36. Rh2 Kg6 37. Rxh4 Kg5 38. Rh5+ Kg6 39. Rh2 Kg5 40. Rh5+ Kg6 41.
Rh3 Kg5 42. d6 Rc5 43. Kb4 Rc6 44. Kb5 1-0

[Event "Frauenbundesliga 2015/2016"]
[Site "Mattersburg/ St. Veit/ Graz"]
[Date "2016.02.27"]
[Round "5"]
[Board "3"]
[White "Molnar, Monika"]
[Black "Horvath, Maria"]
[Result "0-1"]
[WhiteElo "1866"]
[BlackElo "1974"]
[PlyCount "108"]
[EventDate "2015.11.06"]
[EventType "team"]
[EventRounds "7"]
[EventCountry "AUT"]
[WhiteTeam "Spg Steyr"]
[BlackTeam "ASVOE Pamhagen"]

1. e4 c5 2. c3 e6 3. d4 d5 4. exd5 exd5 5. Nf3 Nc6 6. Be2 Nf6 7. O-O Be7 8. Bf4
O-O 9. Qc2 Bg4 10. Nbd2 cxd4 11. cxd4 Rc8 12. Qd3 Nb4 13. Qb5 b6 14. Qa4 a5 15.
a3 Bd7 16. Bb5 Nd3 17. Bg3 Nxb2 18. Qb3 Bxb5 19. Qxb5 Nc4 20. Nxc4 dxc4 21.
Rfc1 c3 22. Qd3 Nd5 23. Ne5 Bg5 24. Rc2 Qe8 25. Nf3 Bf6 26. Be5 Qc6 27. Bxf6
Qxf6 28. g3 Qg6 29. Qd1 Rfd8 30. Ne5 Qf5 31. Rb1 h5 32. Rcc1 h4 33. Qf3 Qxf3
34. Nxf3 hxg3 35. hxg3 Rc4 36. Rb3 Ra4 37. Ne1 Rxd4 38. Nc2 Rd3 39. Re1 Kf8 40.
Kf1 f6 41. Re4 Rd1+ 42. Re1 Rd2 43. Re2 Rd1+ 44. Re1 Rd3 45. Re4 Rd6 46. Ne1
Rd2 47. Rb1 Rc6 48. Rc1 b5 49. Nf3 Ra2 50. Nd4 Rb6 51. Nc2 b4 52. axb4 axb4 53.
Rd4 b3 54. Rxd5 Rxc2 0-1

[Event "Frauenbundesliga 2015/2016"]
[Site "Mattersburg/ St. Veit/ Graz"]
[Date "2016.02.27"]
[Round "5"]
[Board "4"]
[White "Kosc, Renata"]
[Black "Nagy, Laura"]
[Result "1/2-1/2"]
[WhiteElo "2009"]
[BlackElo "1831"]
[PlyCount "61"]
[EventDate "2015.11.06"]
[EventType "team"]
[EventRounds "7"]
[EventCountry "AUT"]
[WhiteTeam "ASVOE Pamhagen"]
[BlackTeam "Spg Steyr"]

1. e4 e5 2. Bc4 Nc6 3. Nf3 Bc5 4. O-O Nf6 5. d3 O-O 6. Bg5 d6 7. Nc3 Be6 8. Nd5
Na5 9. Nxf6+ gxf6 10. Bxe6 fxg5 11. Bf5 Nc6 12. Qd2 h6 13. c3 Qf6 14. Rad1 Rad8
15. d4 Bb6 16. d5 Ne7 17. Bg4 Ng6 18. h3 Nf4 19. Kh2 Kg7 20. Ng1 Rh8 21. Ne2
Nxe2 22. Qxe2 Qe7 23. Kg1 c6 24. c4 Bc5 25. a3 a5 26. Rb1 Bd4 27. b3 Qc7 28.
Qd3 Ra8 29. a4 Qe7 30. Qe2 Qc7 31. Qd3 1/2-1/2

[Event "Frauenbundesliga 2015/2016"]
[Site "Mattersburg/ St. Veit/ Graz"]
[Date "2016.02.27"]
[Round "5"]
[Board "1"]
[White "Novkovic, Julia"]
[Black "Stangl, Anita"]
[Result "0-1"]
[WhiteElo "2146"]
[BlackElo "2063"]
[PlyCount "80"]
[EventDate "2015.11.06"]
[EventType "team"]
[EventRounds "7"]
[EventCountry "AUT"]
[WhiteTeam "SK Dornbirn"]
[BlackTeam "Schach ohne Grenzen"]

1. e4 e6 2. Qe2 b6 3. Nf3 Bb7 4. g3 d6 5. Bg2 Nf6 6. d3 Be7 7. O-O c5 8. Nbd2
Nc6 9. Re1 Qc7 10. a4 Nb4 11. Qd1 Rd8 12. Nc4 a6 13. Bf4 Nh5 14. Bd2 Nc6 15. h4
Nf6 16. Nh2 d5 17. exd5 Nxd5 18. h5 Nd4 19. Ng4 O-O 20. Nge5 f6 21. Nf3 Nxf3+
22. Bxf3 e5 23. Bg2 Rde8 24. Bh3 Qc6 25. Kh2 Bd8 26. Ne3 Nxe3 27. fxe3 f5 28.
Qe2 Bf6 29. e4 f4 30. Rg1 Bg5 31. gxf4 Bxf4+ 32. Bxf4 exf4 33. Raf1 Qf6 34. c3
c4 35. d4 Rxe4 36. Qxc4+ Kh8 37. Re1 Rxe1 38. Rxe1 Qh4 39. Rg1 Qf2+ 40. Rg2
Bxg2 0-1